| 000 | 00828nas a2200289 4500 | ||
|---|---|---|---|
| 001 | BR8304297 | ||
| 003 | BR-BrBNA | ||
| 005 | 20231205085647.0 | ||
| 007 | ta | ||
| 008 | 230509b bl.|||p| |||| 00| 00por d | ||
| 040 |
_aBR-BrBNA _bpor _cBiblioteca Nacional de Agricultura |
||
| 041 | _a(Pt) | ||
| 072 | _aF60 | ||
| 100 | 1 | _aWolter Filho, W. | |
| 100 | 1 | _aPinheiro, M.L.B. | |
| 100 | 1 | _aRocha, A.I. da | |
| 245 | 1 | _aAlcaloides de Tabernaemontana heterophylla Vahl. (Apocynaceae)[planta medicinal] | |
| 650 | _aPLANTA MEDICINAL | ||
| 650 | _aALCALOIDE | ||
| 650 | _aANALISE QUIMICA | ||
| 650 | _aCASCA | ||
| 650 | _aXILEMA | ||
| 650 | _aRAIZ | ||
| 773 | 0 |
_tActa Amazonica (Brazil) _xISSN 0044-5967 _g(Apr 1983), v. 13(2) p. 409-412 _wBR8304297 |
|
| 909 |
_a202311 _bLúcia _c55 _dLúcia Elande |
||
| 942 |
_2AGRIS _n0 _cANA |
||
| 999 |
_c112872 _d112872 |
||